Vista normal
Vista MARC
Entrada Topical Term
Número de registros utilizados en: 3
001 - CONTROL NUMBER
- control field: 4384
003 - CONTROL NUMBER IDENTIFIER
- control field: OSt
005 - DATE AND TIME OF LATEST TRANSACTION
- control field: 20200515135512.0
008 - FIXED-LENGTH DATA ELEMENTS
- fixed length control field: 200515|| aca||aabn | a|a d
040 ## - CATALOGING SOURCE
- Original cataloging agency: OSt
- Transcribing agency: OSt
150 ## - HEADING--TOPICAL TERM
- Topical term or geographic name entry element: Condiciones sociales
670 ## - SOURCE DATA FOUND
- Source citation: Work cat.: (OSt)3900: Bogotá. Alcaldía Mayor 4368, La Bogotá del tercer milenio :, 2000